Práce a mzda

Gespeichert in:
Bibliographische Detailangaben
Format: Schriftenreihe
Sprache:Tschechisch
Veröffentlicht: Praha Práce 1991
Schlagworte:
Tags: Tag hinzufügen
Keine Tags, Fügen Sie das erste Tag hinzu!

MARC

LEADER 00000nas2a2200000 4500
001 s015293
005 20050302095250.9
041 0 |a cze 
044 |a CZ 
245 1 0 |a Práce a mzda 
264 1 |a Praha  |b Práce  |c 1991 
300 |a 1 zv. 
773 0 |w eu_un_cat*s120250 
610 2 0 |a práca 
610 2 0 |a mzdy 
610 2 0 |a právo pracovné 
610 2 0 |a politika mzdová